Guess the Boston Celtics by Picture - Hard - Statistics

General Stats
  • This quiz has been taken 33 times
  • The average score is 7 of 20
Answer Stats
Picture Answer % Correct
Jayson Tatum
100%
Kyrie Irving
100%
Kristaps Porzingis
87%
Tristan Thompson
61%
Jordan Walsh
55%
Daniel Theis
52%
Evan Fournier
35%
Jermaine O'Neal
32%
Joe Johnson
32%
Carsen Edwards
29%
Shane Larkin
26%
Dwight Powell
23%
Ryan Hollins
16%
Tremont Waters
16%
Jerryd Bayless
13%
Justin Champagnie
10%
Sasha Pavlovic
10%
Mickael Pietrus
6%
Demetrius Jackson
3%
Kadeem Allen
3%
No matching quizzes found
Score Distribution
Percent of People with Each Score
Percentile by Number Answered
Your Score History
You have not taken this quiz